Márton Áron a hitvalló iskoláról
Elmentve itt :
| Szerző: | |
|---|---|
| Adatforrás: | Meister |
| Forrásdokumentuma: | Művelődés. - 8-9 sz., 1993, 6-8 p. |
| Nyelv: | magyar |
| Kulcsszavak: | művelődéstörténet iskola MÁRTON Áron |
| LEADER | 00396nab a2200145 i 4500 | ||
|---|---|---|---|
| 001 | bibPRO00003201 | ||
| 008 | 060524s1993 xx hun | ||
| 040 | |a Sz1 | ||
| 041 | |a hun | ||
| 100 | 1 | |a KOVÁCS Sándor | |
| 245 | 1 | 0 | |a Márton Áron a hitvalló iskoláról |c KOVÁCS Sándor |
| 695 | |a művelődéstörténet | ||
| 695 | |a iskola | ||
| 695 | |a MÁRTON Áron | ||
| 773 | 0 | |t Művelődés. - |g 8-9 sz., 1993, 6-8 p. | |